[Event "GBR-ch Major 98th"]
[Site "Sheffield"]
[Date "2011.07.29"]
[Round "5"]
[White "Onley, David E"]
[Black "O'Neill, Jon"]
[Result "1-0"]
[WhiteElo "1968"]
[BlackElo "1996"]
[PlyCount "103"]
[EventDate "2011.07.25"]
[EventType "swiss"]
[EventRounds "11"]
[EventCountry "ENG"]
[SourceTitle "EXT 2012"]
[Source "ChessBase"]
[SourceDate "2011.11.24"]
[SourceVersion "1"]
[SourceVersionDate "2011.11.24"]
[SourceQuality "1"]

1. e4 d5 2. exd5 Qxd5 3. Nc3 Qd6 4. d4 Nf6 5. Bc4 a6 6. Nf3 b5 7. Bd3 Nbd7 8. Ng5 e6 9. Qf3 Rb8 10. Bf4 Qb6 11. 0-0 Bd6 12. Nce4 Bxf4 13. Qxf4 0-0 14. c3 Bb7 15. Rfe1 h6 16. Nxf6+ Nxf6 17. Nxe6 fxe6 18. Rxe6 Nd5 19. Rxb6 cxb6 20. Qe4 Rbd8 21. Bc2 Rd7 22. Qh7+ Kf7 23. Qg6+ Kg8 24. Qe6+ Rdf7 25. Bg6 Nf4 26. Bxf7+ Rxf7 27. Qxb6 Bxg2 28. Re1 Bd5 29. h4 Rf6 30. Qb8+ Kh7 31. Kh2 Nd3 32. Rf1 Nxf2 33. Rxf2 Rxf2+ 34. Kh3 Rf3+ 35. Kh2 Rf2+ 36. Kg1 Rg2+ 37. Kf1 Rxb2 38. Qe5 Bc4+ 39. Kg1 Rd2 40. Qf5+ Kg8 41. Qc8+ Kh7 42. a4 bxa4 43. Qxc4 a3 44. Qf1 a2 45. Qa1 Kg6 46. d5 Kf5 47. c4 Ke4 48. d6 a5 49. d7 Rxd7 50. Qxa2 Rc7 51. Qg2+ Kd4 52. Qd5+ 1-0

[Event "GBR-ch Major 98th"]
[Site "Sheffield"]
[Date "2011.07.26"]
[Round "2"]
[White "O'Neill, Jon"]
[Black "Taylor, William J"]
[Result "1-0"]
[WhiteElo "1996"]
[BlackElo "1816"]
[PlyCount "79"]
[EventDate "2011.07.25"]
[EventType "swiss"]
[EventRounds "11"]
[EventCountry "ENG"]
[SourceTitle "EXT 2012"]
[Source "ChessBase"]
[SourceDate "2011.11.24"]
[SourceVersion "1"]
[SourceVersionDate "2011.11.24"]
[SourceQuality "1"]

1. c4 Nf6 2. Nf3 g6 3. g3 Bg7 4. Bg2 0-0 5. 0-0 d6 6. Nc3 Nc6 7. d3 h6 8. Rb1 a5 9. a3 Nd7 10. Qc2 e5 11. b4 axb4 12. axb4 Ne7 13. b5 f5 14. Nd2 g5 15. Bb2 Bf6 16. Ra1 Rxa1 17. Rxa1 h5 18. Ra8 c6 19. Ba3 Qc7 20. Bb4 c5 21. Nd5 Nxd5 22. Bxd5+ Kg7 23. Ba5 b6 24. Bc3 Bb7 25. Ra7 Rb8 26. Be6 f4 27. Ne4 Be7 28. Qc1 Kh6 29. h4 Nf8 30. hxg5+ Bxg5 31. Nxg5 Kxg5 32. gxf4+ Kh4 33. Bd5 Qg7+ 34. Kh2 Qg4 35. Qe3 Bxd5 36. cxd5 Qxf4+ 37. Qxf4+ exf4 38. Rg7 Nh7 39. f3 Re8 40. Be1# 1-0

[Event "GBR-ch Major 98th"]
[Site "Sheffield"]
[Date "2011.07.25"]
[Round "1"]
[White "Gunn, Michael J"]
[Black "O'Neill, Jon"]
[Result "0-1"]
[WhiteElo "1783"]
[BlackElo "1996"]
[PlyCount "78"]
[EventDate "2011.07.25"]
[EventType "swiss"]
[EventRounds "11"]
[EventCountry "ENG"]
[SourceTitle "EXT 2012"]
[Source "ChessBase"]
[SourceDate "2011.11.24"]
[SourceVersion "1"]
[SourceVersionDate "2011.11.24"]
[SourceQuality "1"]

1. c4 Nf6 2. g3 g6 3. Bg2 Bg7 4. Nc3 0-0 5. e4 e5 6. Nge2 d6 7. 0-0 Nc6 8. d3 Nh5 9. Nd5 Ne7 10. Nxe7+ Qxe7 11. Rb1 a5 12. a3 a4 13. Nc3 Bd7 14. Nd5 Qd8 15. g4 Nf6 16. Bg5 c6 17. Nxf6+ Bxf6 18. Bh6 Bg7 19. Bxg7 Kxg7 20. Qf3 Qh4 21. h3 g5 22. Qg3 Qh6 23. Rbc1 c5 24. Rfe1 Qf6 25. Re3 Rab8 26. Qf3 b5 27. cxb5 Rxb5 28. Qxf6+ Kxf6 29. Re2 Rfb8 30. Rcc2 Rb3 31. Red2 Bc8 32. Bf1 Be6 33. Bg2 R3b6 34. Kh2 R6b7 35. Kg3 Ba2 36. Re2 Bb1 37. Rcd2 Rb3 38. Bf1 Bxd3 39. Rxd3 Rxd3+ 0-1

[Event "LSS CP-2009-P-00080"]
[Site "LSS email"]
[Date "2009.09.27"]
[Round "?"]
[White "Turner, Larry"]
[Black "O'Neill, Jon"]
[Result "0-1"]
[WhiteElo "1500"]
[BlackElo "1774"]
[PlyCount "20"]
[EventDate "2009.10.01"]
[EventType "tourn (corr)"]
[EventRounds "6"]
[EventCountry "GER"]
[SourceTitle "Corr 2013"]
[Source "ChessBase"]
[SourceDate "2012.11.12"]
[SourceVersion "1"]
[SourceVersionDate "2012.11.12"]
[SourceQuality "1"]
[WhiteTeam "US of America"]
[BlackTeam "US of America"]
[WhiteTeamCountry "USA"]
[BlackTeamCountry "USA"]

1. e4 c6 2. d4 d5 3. e5 Bf5 4. Nf3 e6 5. Be2 c5 6. 0-0 Nc6 7. c3 cxd4 8. cxd4 Be7 9. Nc3 f6 10. Nh4 Bg6 0-1

[Event "LSS RB-2009-0-00058"]
[Site "LSS email"]
[Date "2009.08.06"]
[Round "?"]
[White "O'Neill, Jon"]
[Black "Ponting, Andrew"]
[Result "0-1"]
[WhiteElo "1876"]
[BlackElo "1912"]
[PlyCount "48"]
[EventDate "2009.06.27"]
[EventType "tourn (corr)"]
[EventRounds "6"]
[EventCountry "GER"]
[SourceTitle "Corr 2011"]
[Source "ChessBase"]
[SourceDate "2010.08.31"]
[SourceVersion "1"]
[SourceVersionDate "2010.08.31"]
[SourceQuality "1"]

1. d4 Nf6 2. c4 g6 3. Nc3 Bg7 4. Nf3 0-0 5. e4 d6 6. Be2 Na6 7. 0-0 e5 8. dxe5 dxe5 9. Qxd8 Rxd8 10. Bg5 Re8 11. Nd5 Nxe4 12. Ne7+ Kf8 13. Nxc8 Raxc8 14. Be3 f5 15. g3 f4 16. Bc1 Rcd8 17. Rd1 Rxd1+ 18. Bxd1 Nb4 19. Ne1 Rd8 20. Be2 Nd2 21. Nf3 Nc2 22. Nxd2 Nxa1 23. Bd1 fxg3 24. hxg3 Bh6 0-1

[Event "LSS RB-2009-0-00058"]
[Site "LSS email"]
[Date "2009.08.06"]
[Round "?"]
[White "O'Neill, Jon"]
[Black "Pott, Brian"]
[Result "0-1"]
[WhiteElo "1876"]
[BlackElo "1814"]
[PlyCount "74"]
[EventDate "2009.06.27"]
[EventType "tourn (corr)"]
[EventRounds "6"]
[EventCountry "GER"]
[SourceTitle "Telechess CBM 137"]
[Source "ChessBase"]
[SourceDate "2010.07.15"]
[SourceVersion "1"]
[SourceVersionDate "2010.07.15"]
[SourceQuality "1"]

1. d4 Nf6 2. c4 g6 3. Nc3 Bg7 4. Nf3 0-0 5. e4 d6 6. Be2 e5 7. dxe5 dxe5 8. Qxd8 Rxd8 9. Bg5 Re8 10. Nd5 Nxd5 11. cxd5 c6 12. Bc4 cxd5 13. Bxd5 Nc6 14. Ke2 Nb4 15. Bb3 Be6 16. Bxe6 Rxe6 17. a3 Nc6 18. Rhd1 f5 19. exf5 gxf5 20. Be3 f4 21. Bc5 h6 22. Rd2 b6 23. Rd6 Rae8 24. Rxe6 Rxe6 25. Bb4 e4 26. Nd2 Nd4+ 27. Kf1 e3 28. fxe3 fxe3 29. Nf3 Nxf3 30. gxf3 e2+ 31. Kg2 Bxb2 32. Ra2 Bd4 33. Be1 Kf7 34. f4 Kf6 35. Kf3 Re3+ 36. Kg4 h5+ 37. Kxh5 Kf5 0-1

[Event "LSS OP-2009-0-00909"]
[Site "LSS email"]
[Date "2009.07.31"]
[Round "?"]
[White "Pietrzak, Wojciech"]
[Black "O'Neill, Jon"]
[Result "1-0"]
[WhiteElo "1067"]
[BlackElo "1768"]
[PlyCount "26"]
[EventDate "2009.07.25"]
[EventType "tourn (corr)"]
[EventRounds "4"]
[EventCountry "GER"]
[SourceTitle "Corr 2013"]
[Source "ChessBase"]
[SourceDate "2012.11.12"]
[SourceVersion "1"]
[SourceVersionDate "2012.11.12"]
[SourceQuality "1"]

1. e4 c5 2. c3 d5 3. exd5 Qxd5 4. d4 cxd4 5. cxd4 Nc6 6. Nf3 Bg4 7. Be2 e6 8. Nc3 Bb4 9. 0-0 Qd7 10. d5 exd5 11. Nxd5 Nge7 12. Nxb4 0-0 13. Qxd7 Bxd7 1-0

[Event "IECG C1.2000.0.00313"]
[Site "IECG email"]
[Date "2000.10.17"]
[Round "?"]
[White "Krol, Wladyslaw"]
[Black "O'Neill, Jon"]
[Result "1-0"]
[WhiteElo "1800"]
[BlackElo "1900"]
[PlyCount "65"]
[EventDate "2000.10.26"]
[EventType "tourn (corr)"]
[EventRounds "5"]
[SourceTitle "Corr 2008"]
[Source "ChessBase"]
[SourceDate "2008.06.24"]
[SourceVersion "1"]
[SourceVersionDate "2008.06.24"]
[SourceQuality "1"]

1. e4 e5 2. Nf3 Nc6 3. Bc4 Nf6 4. d3 Be7 5. Ng5 0-0 6. Nc3 Na5 7. Nxf7 Rxf7 8. Bxf7+ Kxf7 9. g4 Nc6 10. g5 Ne8 11. h4 Kg8 12. Nd5 Bc5 13. c3 Ne7 14. Qb3 Kh8 15. f4 c6 16. Nxe7 Qxe7 17. f5 d5 18. h5 dxe4 19. dxe4 b6 20. Qc2 Ba6 21. b4 Bxb4 22. cxb4 Qxb4+ 23. Bd2 Qd4 24. 0-0-0 Bd3 25. Qc3 Bxe4 26. Rhf1 Qa4 27. Qb3 Qxb3 28. axb3 Bd3 29. Rh1 Kg8 30. Bc3 Bxf5 31. Bxe5 a5 32. Rhf1 g6 33. Rxf5 1-0

[Event "IECG C1.2000.0.00255"]
[Site "IECG email"]
[Date "2000.01.16"]
[Round "?"]
[White "Hasler, Ulrich"]
[Black "O'Neill, Jon"]
[Result "0-1"]
[WhiteElo "1906"]
[BlackElo "1900"]
[PlyCount "66"]
[EventDate "2000.01.16"]
[EventType "tourn (corr)"]
[EventRounds "6"]
[SourceTitle "Corr 2008"]
[Source "ChessBase"]
[SourceDate "2008.06.24"]
[SourceVersion "1"]
[SourceVersionDate "2008.06.24"]
[SourceQuality "1"]

1. b4 Nf6 2. Bb2 e6 3. b5 c5 4. e3 d5 5. Nf3 b6 6. c4 Bb7 7. Be2 Nbd7 8. 0-0 Bd6 9. d4 0-0 10. Nbd2 cxd4 11. Bxd4 Rc8 12. Ne1 Qc7 13. Rc1 Bxh2+ 14. Kh1 Bd6 15. Bf3 Bc5 16. Bxf6 Nxf6 17. a4 Rfd8 18. Qc2 dxc4 19. Nxc4 Bxf3 20. Nxf3 Rd5 21. g3 Bxe3 22. Nxe3 Rc5 23. Nc4 Rxc4 24. Qxc4 Qxc4 25. Rxc4 Rxc4 26. Ra1 Ne4 27. Ra2 f6 28. Kg2 Nc5 29. a5 bxa5 30. Rxa5 Ra4 31. Rxa4 Nxa4 32. Nd4 Nc3 33. Nxe6 Nxb5 0-1

[Event "IECG C1.2000.0.00255"]
[Site "IECG email"]
[Date "2000.01.16"]
[Round "?"]
[White "O'Neill, Jon"]
[Black "Lloyd, Dave"]
[Result "1-0"]
[WhiteElo "1900"]
[BlackElo "2062"]
[PlyCount "39"]
[EventDate "2000.01.16"]
[EventType "tourn (corr)"]
[EventRounds "6"]
[SourceTitle "Corr 2008"]
[Source "ChessBase"]
[SourceDate "2008.06.24"]
[SourceVersion "1"]
[SourceVersionDate "2008.06.24"]
[SourceQuality "1"]

1. e4 e6 2. d4 d5 3. Nc3 Bb4 4. a3 Bxc3+ 5. bxc3 dxe4 6. Qg4 Nf6 7. Qxg7 Rg8 8. Qh6 Nbd7 9. Ne2 c5 10. Ng3 Qc7 11. Bb5 cxd4 12. Qxf6 Qxc3+ 13. Kd1 Qxa1 14. Nxe4 Kf8 15. Qh6+ Rg7 16. Qh4 f6 17. Nxf6 Nxf6 18. Qxf6+ Rf7 19. Qh8+ Ke7 20. Re1 1-0